Central Library OPAC University of Rajshahi

Status of Muslim women / (Record no. 74395)

MARC details
000 -LEADER
fixed length control field 00794nam a2200253 a 4500
001 - CONTROL NUMBER
control field 74395
003 - CONTROL NUMBER IDENTIFIER
rucl marc code BD-RjUL
005 - DATE AND TIME OF LATEST TRANSACTION
control field 20211209082539.0
008 - FIXED-LENGTH DATA ELEMENTS--GENERAL INFORMATION
fixed length control field 180910s2008 ii ||||| bi|| 001 0 eng d
020 ## - INTERNATIONAL STANDARD BOOK NUMBER
International Standard Book Number 8126131675 :
Terms of availability Tk.2660.00
035 ## - SYSTEM CONTROL NUMBER
System control number (BD-RjUL)74613
040 ## - CATALOGING SOURCE
Original cataloging agency BD-RjUL
Language of cataloging eng
Transcribing agency BD-RjUL
041 ## - LANGUAGE CODE
Language code of text/sound track or separate title eng
082 ## - DEWEY DECIMAL CLASSIFICATION NUMBER
Edition number 23
Classification number 305.48697
Author mark and year STA 2008
245 ## - TITLE STATEMENT
Title Status of Muslim women /
Statement of responsibility, etc. edited by M. Mukarram Ahmed
260 ## - PUBLICATION, DISTRIBUTION, ETC. (IMPRINT)
Place of publication, distribution, etc. New Delhi, India :
Name of publisher, distributor, etc. Anmol Publications,
Date of publication, distribution, etc. 2008.
300 ## - PHYSICAL DESCRIPTION
Pagination xv, 329 pages ;
Size 25 cm
504 ## - BIBLIOGRAPHY, ETC. NOTE
Bibliography, etc Includes bibliography and Index
650 ## - SUBJECT ADDED ENTRY--TOPICAL TERM
Topical term or geographic name as entry element Women in Islam.
9 (RLIN) 222371
Topical term or geographic name as entry element Muslim women
Form subdivision Social conditions.
9 (RLIN) 222373
Topical term or geographic name as entry element Marriage
Form subdivision Religious aspects
General subdivision Islam.
9 (RLIN) 222375
700 ## - ADDED ENTRY--PERSONAL NAME
Personal name Ahmed, M Mukarram,
942 ## - ADDED ENTRY ELEMENTS (KOHA)
Source of classification or shelving scheme Dewey Decimal Classification
Koha item type Books
Holdings
Lost status Source of classification or shelving scheme Damaged status Not for loan Collection code Permanent Location Current Location Shelving location Date acquired Source of acquisition Cost, normal purchase price Total Checkouts Full call number Date last seen Copy number Koha item type
  Dewey Decimal Classification   Not For Loan Non-fiction Central Library, University of Rajshahi Central Library, University of Rajshahi Reading Room 12/08/2018 International book Distributor , Dhaka. 2660.00   305.48697 STA 2008 10/09/2018 C-1 Books
  Dewey Decimal Classification     Non-fiction Central Library, University of Rajshahi Central Library, University of Rajshahi   12/08/2018 International book Distributor , Dhaka. 2660.00   305.48697 STA 2008 10/09/2018 C-2 Books